LEADER 01348nam a2200289 u 4500 001 000000091872 003 CaOOAMICUS 005 20070226124858.0 008 060329s1974 gw u000 u ger u 020 $a3150017696 035 $a11083640 040 $aPUL(R)$bita 041 1 $ager$afre 100 1 $aRousseau, Jean-Jacques,$d1712-1778.$0(OLS)http://pul/name/9887 240 10$aDu contrat social ou principes du droit politique.$lTedesco.$0(OLS)http://pul/title/118577 245 14$aDer Gesellschaftsvertrag :$boder Die Grundsätze des Staatsrechtes /$cJ. J. Rousseau ; in der verb. Übersetzung von H. Denhardt ; mit e. Nachwort hrsg. von Heinrich Weinstock. 260 $aStuttgart :$bReclam,$c1974. 300 $a190 p. ;$c16 cm 490 1 $aUniversal Bibliothek ;$v1769/70 700 1 $aWeinstock, Heinrich.$0(OLS)http://pul/name/59221 830 0$aUniversal Bibliothek ;$v1769/70.$0(OLS)http://pul/title/118579 850 $aPUL 852 $aPUL$W1$xDP1 Fondo Seidl$y56$m3 C 11$j75012$nBK-PRI$b $qFondi$B115639$CPULBib$Z2$F115639 $H $81 941 1 $a1 996 $6020$a3150017696$9(OLS)http://pul/number/120488 996 $6245$aDer Gesellschaftsvertrag :$boder Die Grundsätze des Staatsrechtes$9(OLS)http://pul/title/118578 996 $6260$aStuttgart :$bReclam$9(OLS)http://pul/publisher/68084 LEADER 01201nam a2200265 4500 001 000000170812 003 CaOOAMICUS 005 20181128143115.0 008 181128s1986 it 000 u ita r 032 $aLibriCat 040 $aPUL$bita 100 1 $aTozzi, Angela Anna.$0(OLS)http://pul/name/109854 245 13$aLa comunità nel pensiero di Chiara Lubich : $bproposta per un cammino di comunità religiosa /$cAngela Anna Tozzi. 260 $aRomae :$b[s.n.],$c1986. 300 $a79 p. ; $c24 cm. 502 $aEstratto da Tesi -- Institutum theologiae vitae religiosae, 1986. 504 $aBibliografia in nota. 600 14$aLubich, Chiara,$d1920-2008.$0(OLS)http://pul/subject/1557 700 1 $aIstituto di Teologia della vita consacrata Claretianum$kTesi.$0(OLS)http://pul/name/109853 850 $aPUL 852 $aPUL$W1$xDP1 Tesi Varie$y51$mTH VAR 270$j193947$qTesi$B199314$CPULBib$Z2$F199314 $H57081 $81 941 1 $a16 996 $6245$aLa comunità nel pensiero di Chiara Lubich : $bproposta per un cammino di comunità religiosa$9(OLS)http://pul/title/211644 996 $6260$aRomae :$b[s.n.]$9(OLS)http://pul/publisher/48223